| 000 | 01858nam0a2200337 4500 | ||
|---|---|---|---|
| 001 | RU\NLR\BIBL_A\022691623 | ||
| 005 | 20260420061727.0 | ||
| 010 |
_a978-5-87590-567-4 _950 |
||
| 021 |
_aRU _bКН-П-25-068033 _9КН-П-25-6584 |
||
| 035 | _a(NLR Aleph) 022691623 | ||
| 090 |
_a13687275 _c13687275 |
||
| 100 | _a20251219d2025 u y0rusy50 ca | ||
| 101 | 0 | _arus | |
| 102 | _aRU | ||
| 105 | _aa|||z|||000yy | ||
| 181 | 0 |
_ai3 _baxxe |
|
| 182 | 0 | _an | |
| 200 | 1 |
_aКомплексный мониторинг реализации рабочей программы воспитания общеобразовательных и профессиональных образовательных организаций _eметодическое пособие _fЕ. Ю. Ногтева _gМинистерство образования Вологодской области, Вологодский институт развития образования |
|
| 203 |
_aТекст _bвизуальный _cнепосредственный |
||
| 210 |
_aВологда _cВИРО _d2025 |
||
| 215 |
_a119 с. _cил., табл. _d20 |
||
| 320 | _aБиблиогр.: с. 116-117 (21 назв.) и в подстроч. примеч. | ||
| 606 | 1 |
_aУчреждения профессионального образования _jМетодические пособия _xВоспитательная работа _xМониторинг _92697942 _3RU\NLR\AUTH\6601766642 |
|
| 606 | 1 |
_aШколы _jМетодические пособия _xВоспитательная работа _xМониторинг _92556474 _3RU\NLR\AUTH\6601725155 |
|
| 686 | 1 | _aЧ421.3я8 | |
| 686 | 1 | _aЧ451.3я8 | |
| 700 | 1 |
_aНогтева _bЕ. Ю. _gЕлена Ювинальевна |
|
| 942 | _cBOOK | ||
| 980 | _aNB | ||